| 000 | 00516nam a22001817a 4500 | ||
|---|---|---|---|
| 003 | OSt | ||
| 005 | 20151027102522.0 | ||
| 008 | 130624t xxu||||| |||| 00| 0 eng d | ||
| 020 | _a9781865097329 | ||
| 050 |
_aLB 1694 _b.M398 2004 |
||
| 082 |
_aIB 808.82 _b.M38 2004 |
||
| 100 | _aMason, Bronwyn | ||
| 245 |
_aExperiencing drama book 2 _cBronwyn Mason and Kris Plummer / |
||
| 260 |
_aSydney : _bLearning Essentials Pty Ltd, _c2004. |
||
| 300 |
_c30 cm. _a48 p. : _bill. ; |
||
| 942 |
_2lcc _cBK |
||
| 999 |
_c2257 _d2257 |
||